Učebné dokumenty pre stredné odborné učilištia : učebný odbor 24-65-2 Strojník, strojníčka zameranie na 16 banské úpravne
Uložené v:
| Médium: | Kniha |
|---|---|
| Jazyk: | Slovak |
| Vydané: |
Bratislava :
Alfa,
1988
|
| Vydanie: | 1. vyd. |
| Témy: | |
| ISBN: |
(brož.) |
| Fyzický popis: |
178 s. |
| Tagy: |
Pridať tag
Žiadne tagy, Buďte prvý kto otaguje tento záznam!
|
Titul je dostupný aj v ... 

MARC
| LEADER | 00000nam a2200000 a 4500 | ||
|---|---|---|---|
| 001 | 000291349 | ||
| 005 | 20070110163646.0 | ||
| 008 | 061221s1988 xo e 000 0 sloo | ||
| 020 | |a (brož.) | ||
| 040 | |a SVKKK |b slo |c SVKKK |e AACR2 | ||
| 041 | 0 | |a slo | |
| 044 | |a xo |c SK | ||
| 245 | 0 | 0 | |a Učebné dokumenty pre stredné odborné učilištia : |b učebný odbor 24-65-2 Strojník, strojníčka zameranie na 16 banské úpravne |
| 250 | |a 1. vyd. | ||
| 260 | |a Bratislava : |b Alfa, |c 1988 | ||
| 300 | |a 178 s. | ||
| 655 | 7 | |a učebnice |2 SVKKKPH | |
| 998 | |a BK | ||
| 090 | |g SCKHL |k Sklad Pribinova 2. posch. |a II.325646 |j 773962 |i B95613 |s Absenčne | ||